000
00317nam a2200133Ia 4500
005
20251222141914.0
008
251222s9999||||xx |||||||||||||| ||spa||
020
_a
84-86703-00-X
082
_a
657.42/A52C
100
_a
Amat Salas, Joan María
245
0
_a
Contabilidad de Costes
264
_b
Gestión
942
_c
LIB
999
_c
8495
_d
8495